|
|
|
|
| LEADER |
00000nam0a2200000 4500 |
| 001 |
195316 |
| 005 |
20231101224624.0 |
| 010 |
|
|
|a 9785811410729
|
| 035 |
|
|
|a (RuTPU)RU\TPU\book\213059
|
| 090 |
|
|
|a 195316
|
| 100 |
|
|
|a 20110505d2010 m y0rusy50 ca
|
| 101 |
0 |
|
|a rus
|
| 102 |
|
|
|a RU
|
| 105 |
|
|
|a y j 001zy
|
| 200 |
1 |
|
|a Концепции современного естествознания. Интернет-тестирование базовых знаний
|e учебное пособие
|f В. В. Горбачев, Н. П. Калашников, Н. М. Кожевников
|
| 210 |
|
|
|a СПб.
|c Лань
|d 2010
|
| 215 |
|
|
|a 208 с.
|
| 225 |
1 |
|
|a Учебники для вузов. Специальная литература
|
| 318 |
|
|
|5 63413507
|a Перспективные методы обучения
|b выставка
|
| 320 |
|
|
|a Библиогр.: с. 205.
|
| 320 |
|
|
|a Словарь терминов: с. 180-205.
|
| 330 |
|
|
|a Учебное пособие содержит материалы для подготовки к интернет-тестированию базовых (остаточных) знаний по дисциплине «Концепции современного естествознания» (КСЕ), которое с 2005 года проводится Национальным аккредитационным агентством в сфере профессионального образования (Росаккредагентством) для мониторинга качества преподавания этой дисциплины в учреждениях высшего профессионального образования. Структура пособия определяется тезаурусом 2-го уровня дисциплины КСЕ, разработанным Росаккредагентством для государственных образовательных стандартов с трудоемкостью КСЕ более 130 учебных часов. Отдельные главы пособия соответствуют дидактическим единицам дисциплины, а параграфы — отдельным темам, по которым составляются тестовые задания. Для каждой темы в пособии приведены основные сведения и подробный разбор тестовых заданий из демонстрационных вариантов сайта Росаккредагентства (www.fepo.ru <http://www.fepo.ru>) и реальныx тестов прошлых лет. Включенный в пособие словарь естественнонаучных терминов позволяет быстро ориентироваться в формулировках тестовых заданий. Предназначено для студентов всех форм обучения по гуманитарным и социально-экономическим направлениям.
|
| 606 |
1 |
|
|a Естествознание
|x Интернет-тестирование
|2 stltpush
|3 (RuTPU)RU\TPU\subj\70958
|9 85092
|
| 610 |
1 |
|
|a концепции современного естествознания
|
| 610 |
1 |
|
|a компьютерное тестирование
|
| 610 |
1 |
|
|a естественнонаучная картина мира
|
| 610 |
1 |
|
|a эволюция
|
| 610 |
1 |
|
|a пространство
|
| 610 |
1 |
|
|a время
|
| 610 |
1 |
|
|a симметрия
|
| 610 |
1 |
|
|a структурные уровни
|
| 610 |
1 |
|
|a системная организация
|
| 610 |
1 |
|
|a беспорядок
|
| 610 |
1 |
|
|a биосфера
|
| 610 |
1 |
|
|a человек
|
| 610 |
1 |
|
|a экосистемы
|
| 610 |
1 |
|
|a экологические кризисы
|
| 610 |
1 |
|
|a микромир
|
| 610 |
1 |
|
|a макромир
|
| 610 |
1 |
|
|a мегамиры
|
| 610 |
1 |
|
|a живые системы
|
| 610 |
1 |
|
|a живые системы
|
| 610 |
1 |
|
|a космология
|
| 610 |
1 |
|
|a геологическая эволюция
|
| 610 |
1 |
|
|a методические указания
|
| 610 |
1 |
|
|a ответы на вопросы
|
| 610 |
1 |
|
|a учебные пособия
|
| 675 |
|
|
|a 50(075.8)
|v 3
|
| 700 |
|
1 |
|a Горбачев
|b В. В.
|g Владимир Васильевич
|
| 701 |
|
1 |
|a Калашников
|b Н. П.
|g Николай Павлович
|
| 701 |
|
1 |
|a Кожевников
|b Н. М.
|g Николай Михайлович
|
| 801 |
|
1 |
|a RU
|b 63413507
|c 20110505
|
| 801 |
|
2 |
|a RU
|b 63413507
|c 20171013
|g RCR
|
| 900 |
|
|
|a Концепции современного естествознания
|
| 942 |
|
|
|c BK
|
| 953 |
|
|
|a 520000
|
| 959 |
|
|
|a 48/20110505
|d 1
|e 289,96
|f ЧЗТЛ:1
|